Countries Shorter Than the Burj Khalifa Quiz Stats

 Plays Quiz Updated Mar 21, 2013

Challenge
Share
Tweet
Embed
Score 0/33 Timer 05:00
5 Plays Today
Country % Correct
Vatican City
77.5%
Monaco
67.1%
San Marino
62.2%
Luxembourg
57.2%
Nauru
55.9%
Maldives
55.5%
Tuvalu
54.3%
Belgium
52.9%
Palau
52.8%
Malta
51.3%
Marshall Islands
50.4%
The Bahamas
50.3%
Kiribati
48%
Barbados
46.7%
Singapore
46.4%
Qatar
46%
Micronesia
45.7%
Country % Correct
Bahrain
45.2%
Antigua and Barbuda
42.5%
Mauritius
39.8%
Kuwait
39.7%
Latvia
35.3%
Lithuania
34.7%
Estonia
34.6%
The Gambia
29%
Benin
26.9%
Guinea-Bissau
22.5%
Senegal
22.2%
Belarus
21.2%
Moldova
20.2%
Uruguay
18.2%
Burkina Faso
13.3%
Paraguay
12.4%

You're not logged in!

Compare scores with friends on all Sporcle quizzes.
OR
Log In

You Might Also Like...

Show Comments

Extras

Top Quizzes Today


Score Distribution

Your Account Isn't Verified!

In order to create a playlist on Sporcle, you need to verify the email address you used during registration. Go to your Sporcle Settings to finish the process.

Report this User

Report this user for behavior that violates our Community Guidelines.

Details: